TV Series by Cast - Statistics

General Stats
  • This quiz has been taken 127 times
  • The average score is 4 of 15
Answer Stats
Cast TV Series % Correct
Finn Wolfhard, Millie Bobby Brown, Caleb McLaughlin, Joe Keery Stranger Things
97%
Emilia Clarke, Kit Harrington, Peter Dinklage, Maisie Williams Game of Thrones
67%
Benedict Cumberbatch, Martin Freeman, Mark Gatiss, Andrew Scott Sherlock
59%
Hugh Laurie, Jesse Spencer, Omar Epps, Jennifer Morrison House
42%
Norman Reedus, Jon Bernthal, Steven Yeun, Andrew Lincoln The Walking Dead
39%
Florence Pugh, Jeremy Renner, Hailee Steinfeld, Vera Farmiga Hawkeye
30%
Aidan Gallagher, Elliot Page, Tom Hopper, Ritu Arya The Umbrella Academy
27%
Anthony Mackie, Sebastian Stan, Wyatt Russell, Danny Ramirez The Falcon and the Winter Soldier
22%
Hugh Bonneville, Michelle Dockery, Jim Carter, Michael Fox Downton Abbey
19%
Chloe Bennet, Clark Gregg, Iain de Caestecker, Ming-Na Wen Agents of S.H.I.E.L.D.
14%
Walker Scobell, Leah Sava Jeffries, Charlie Bushnell, Aryan Simhadri Percy Jackson and the Olympians
14%
Jesse Spencer, Taylor Kinney, Lauren German, Randy Flagler Chicago Fire
6%
Morfydd Clark, Robert Aramayo, Charlie Vickers, Owain Arthur The Lord of the Rings: The Rings of Power
6%
Natalie Alyn Lind, Percy Hynes White, Emma Dumont, Amy Acker The Gifted
3%
Jenna Ortega, Paul Mikel-Williams, Sean Giambrone, Ryan Potter Jurassic World: Camp Cretaceous
2%
No matching quizzes found
Score Distribution
Percent of People with Each Score
Percentile by Number Answered
Your Score History
You have not taken this quiz